Statistics for The Territories Quiz

Click here to take the quiz!

General Stats

  • This quiz has been taken 27 times
  • The average score is 13 of 15

Answer Stats

QuestionAnswer% Correct
How many British territories are there in the South Atlantic Ocean?3
100%
Name a French territory in OceaniaFrench Polynesia | New Caledonia | Wallis and Futuna
96%
Name oneSouth Georgia | Falkland Islands | St Helena
96%
Which British territory borders Spain?Gibraltar
93%
Name two of the Dutch territories in the CaribbeanAruba
89%
Name two of the Dutch territories in the CaribbeanCuraçao and the others
89%
Name the two Danish territoriesGreenland
89%
Name the Russian territory in EuropeKaliningrad Oblast
89%
Which island in the Caribbean is the largest among American Caribbean territories?Puerto Rico
89%
Name the de facto sovereign state that lies on the
Horn of Africa (Somalia)
Somaliland
89%
Name the two French territories around MadagascarRéunion
81%
Norway is mainly made up of mainland Norway and which island?Svalbard
81%
Name the two Danish territoriesFaroe Islands
78%
Which Spainish territory lies on the west of Morocco?Canary Islands
74%
Name the two French territories around MadagascarMayotte
74%

Score Distribution

Percentile by Number Answered

Percent of People with Each Score

Your Score History

You have not taken this quiz